Nueva historia de las grandes crisis financieras : (Registro nro. 11972)
[ vista simple ]
| 000 -LEADER | |
|---|---|
| fixed length control field | 01799cam a2200289 a 4500 |
| 003 - CONTROL NUMBER IDENTIFIER | |
| control field | OSt |
| 005 - DATE AND TIME OF LATEST TRANSACTION | |
| control field | 20210722093528.0 |
| 008 - FIXED-LENGTH DATA ELEMENTS--GENERAL INFORMATION | |
| fixed length control field | 110121s2010 ck ad r 001 0 spa d |
| 020 ## - INTERNATIONAL STANDARD BOOK NUMBER | |
| International Standard Book Number | 9789588613130 |
| 040 ## - CATALOGING SOURCE | |
| Original cataloging agency | CO-BoPUJ |
| Transcribing agency | CO-JMCR |
| 041 0# - LANGUAGE CODE | |
| Language code of text/sound track or separate title | SPA |
| 082 04 - DEWEY DECIMAL CLASSIFICATION NUMBER | |
| Classification number | 332 / |
| Item number | M333g |
| Edition number | 23 |
| 100 1# - MAIN ENTRY--PERSONAL NAME | |
| Personal name | Marichal Salinas, Carlos, |
| Relator term | autor |
| 9 (RLIN) | 38627 |
| 245 10 - TITLE STATEMENT | |
| Title | Nueva historia de las grandes crisis financieras : |
| Remainder of title | una perspectiva global, 1873-2008 / |
| Statement of responsibility, etc. | Carlos Marichal Salinas |
| 250 ## - EDITION STATEMENT | |
| Edition statement | 1a ed. |
| 260 ## - PUBLICATION, DISTRIBUTION, ETC. | |
| Place of publication, distribution, etc. | Bogotá : |
| Name of publisher, distributor, etc. | Random House Mondadori : |
| -- | Debate, |
| Date of publication, distribution, etc. | 2010. |
| 300 ## - PHYSICAL DESCRIPTION | |
| Extent | 420 páginas : |
| Other physical details | ilustraciones, diagramas, gráficas y tablas ; |
| Dimensions | 23 cm. |
| 490 0# - SERIES STATEMENT | |
| Series statement | Debate : |
| -- | Historia |
| 504 ## - BIBLIOGRAPHY, ETC. NOTE | |
| Bibliography, etc. note | Incluye referencias bibliográficas (páginas 395-407) e índice. |
| 505 0# - FORMATTED CONTENTS NOTE | |
| Formatted contents note | La primera globalización: las crisis financieras en la época clásica del capitalismo liberal, 1873-1914. -- El colapso financiero de 1929: ¿Por qué hubo una Gran Depresión en los años 30?. -- Las finanzas mundiales en la era de Bretton Woods, 1944-1971: ¿Por qué hubo tan pocas crisis?. -- Orígenes de la globalización contemporánea, 1973-1990: ¿por qué hubo auge y crisis de la deuda externa en los países en desarrollo?. -- La globalización financiera a fines del milenio, 1990-2006: ¿por qué se multiplicaron las crisis?. -- La crisis financiera y económica de 2008-2009. -- Epílogo: La gran recesión y las reformas de la arquitectura. Financiera internacional. |
| 650 14 - SUBJECT ADDED ENTRY--TOPICAL TERM | |
| Topical term or geographic name entry element | Crisis financiera |
| General subdivision | Historia |
| Chronological subdivision | Siglo XIX |
| 9 (RLIN) | 38628 |
| 650 24 - SUBJECT ADDED ENTRY--TOPICAL TERM | |
| Topical term or geographic name entry element | Crisis financiera |
| General subdivision | Historia |
| Chronological subdivision | Siglo XX |
| 9 (RLIN) | 38629 |
| 650 24 - SUBJECT ADDED ENTRY--TOPICAL TERM | |
| Topical term or geographic name entry element | Crisis financiera |
| General subdivision | Historia |
| Chronological subdivision | Siglo XXI |
| 9 (RLIN) | 38630 |
| 650 24 - SUBJECT ADDED ENTRY--TOPICAL TERM | |
| Topical term or geographic name entry element | Historia económica |
| Chronological subdivision | 1873-2008 |
| 9 (RLIN) | 38631 |
| 942 ## - ADDED ENTRY ELEMENTS (KOHA) | |
| Source of classification or shelving scheme | Dewey Decimal Classification |
| Koha item type | Books |
| Withdrawn status | Lost status | Source of classification or shelving scheme | Damaged status | Not for loan | Home library | Current library | Shelving location | Date acquired | Source of acquisition | Total Checkouts | Full call number | Barcode | Date last seen | Date last checked out | Copy number | Price effective from | Koha item type |
|---|---|---|---|---|---|---|---|---|---|---|---|---|---|---|---|---|---|
| Dewey Decimal Classification | Biblioteca Pública José María del Castillo y Rada | Biblioteca Pública José María del Castillo y Rada | General Stacks | 04/15/2018 | Donación | 1 | 332 / M333g | 430003156 | 04/10/2025 | 04/09/2025 | Ej.1 | 03/10/2021 | Books |